000 01239nam a2200337 i 4500
003 EG-GICUC
005 20260427084410.0
008 260427s1908 fr adlofr|||| 001 0 fre d
040 _aEG-GiCUC
_bfre
_cEG-GiCUC
_dEG-GiCUC
_eRda
041 0 _afre
082 0 4 _221
_a343.84
_bJA . O
092 0 4 _221
099 _aLaw1 10 343.84 JA . O 1 ed - 1908
100 1 _aJanet, Pierre,
_eAuteur
245 _aLes obsessions et la psychasthénie /
_c par le Dr Pierre Janet.
246 1 _a Études cliniques et expérimentales sur les idées obsédantes.
250 _a Deuxième édition.
264 _a Paris :
_b Félix Alcan, éditeur,
_c1908.
300 _a782 page :
_billustration,graphs ,photographs;
_c 24 cm.
336 _2rda contenu
_a texte
337 _2rda medias
_aOrdinateur
338 _2 transporteur rda
_a Ressource en ligne
490 _a Travaux du laboratoire de Psychologie de la Clinique à la Salpêtrière ;
_vTroisième série.
504 _aComprend des références bibliographiques et un index.
546 _aTexte en français
650 1 4 _aDroit pénal.
_2qrmak
651 1 _2qrmak
856 4 0 _uhttps://fll.law.cu.edu.eg/fulltext/bks/B10-11391.pdf
905 _a171
942 _2ddc
_cBK
_e21
_n0
999 _c73548
_d73548